01058nam a22002057a 4500001000500000005001700005020001800022040002900040050001300069082001300082100002200095245003400117250005900151260004500210300002200255505000700277520053400284521001700818521001700835259320240103160515.0 a9781444914115 aFISKHbengcFISKHdFISKH aPZ7.M894 aPZ7.M894 aMuchamore, Robert aLone wolf /cRobert Muchamore aThis edition published in 2016 by Hodder and Stoughton aLondon :bHodder Children's Books,c2014 a327 pages :c20cm aZ  aFay has spent eighteen months locked up in a Secure Training Centre. Drug deals and rip-offs are the only things this teenager knows. Now she's back on the street, looking to settle old scores. CHERUB agents Ryan and Ning need Fay's knowledge to unearth a major drug importer. They're trained professionals with one essential advantage: even experienced criminals never suspect that children are spying on them. But Fay's made a lot of enemies and she's running out of time ... For official purposes, these children do not exist. a950 bLexile aZ bRaz-Plus